The calculation of the campaign of reactor RITM-200; IOP Conference Series: Materials Science and Engineering; Vol. 1019 : 14th International Forum on Strategic Technology (IFOST 2019)
| Parent link: | IOP Conference Series: Materials Science and Engineering Vol. 1019 : 14th International Forum on Strategic Technology (IFOST 2019).— 2021.— [012057, 8 p.] |
|---|---|
| Autor Principal: | |
| Autor Corporativo: | |
| Outros autores: | |
| Summary: | Title screen In this paper, the campaign of RITM-200 reactor was calculated. The duration of the campaign was determined taking the net capacity factor into consideration. The calculated duration concurred with the known data. The neutron parameters were calculated using the effective temperature method. The presence of burnable absorber rods was taken into account. Their effect was considered using the diffusional approach. The iterative computations were used to finally determine the temperature of the neutron gas. At the end, the reactivity curve displaying different effects inside fuel, namely fuel and gadolinium burn-out, the poisoning and slagging was drawn. |
| Idioma: | inglés |
| Publicado: |
2021
|
| Subjects: | |
| Acceso en liña: | http://earchive.tpu.ru/handle/11683/64564 https://doi.org/10.1088/1757-899X/1019/1/012057 |
| Formato: | MixedMaterials Electrónico Capítulo de libro |
| KOHA link: | https://koha.lib.tpu.ru/cgi-bin/koha/opac-detail.pl?biblionumber=663568 |
MARC
| LEADER | 00000naa2a2200000 4500 | ||
|---|---|---|---|
| 001 | 663568 | ||
| 005 | 20251216133714.0 | ||
| 035 | |a (RuTPU)RU\TPU\network\34738 | ||
| 035 | |a RU\TPU\network\34736 | ||
| 090 | |a 663568 | ||
| 100 | |a 20210219d2021 k||y0rusy50 ba | ||
| 101 | 0 | |a eng | |
| 135 | |a drcn ---uucaa | ||
| 181 | 0 | |a i | |
| 182 | 0 | |a b | |
| 200 | 1 | |a The calculation of the campaign of reactor RITM-200 |f D. E. Savitsky, A. V. Kuzmin | |
| 203 | |a Text |c electronic | ||
| 300 | |a Title screen | ||
| 320 | |a [References: 7 tit.] | ||
| 330 | |a In this paper, the campaign of RITM-200 reactor was calculated. The duration of the campaign was determined taking the net capacity factor into consideration. The calculated duration concurred with the known data. The neutron parameters were calculated using the effective temperature method. The presence of burnable absorber rods was taken into account. Their effect was considered using the diffusional approach. The iterative computations were used to finally determine the temperature of the neutron gas. At the end, the reactivity curve displaying different effects inside fuel, namely fuel and gadolinium burn-out, the poisoning and slagging was drawn. | ||
| 461 | 1 | |0 (RuTPU)RU\TPU\network\2008 |t IOP Conference Series: Materials Science and Engineering | |
| 463 | 0 | |0 (RuTPU)RU\TPU\network\34482 |t Vol. 1019 : 14th International Forum on Strategic Technology (IFOST 2019) |o October 14-17, 2019, Tomsk, Russia |f National Research Tomsk Polytechnic University (TPU) ; eds. R. V. Ostvald, D. Gvozdeva, A. S. Ryabikina |v [012057, 8 p.] |d 2021 | |
| 610 | 1 | |a электронный ресурс | |
| 610 | 1 | |a труды учёных ТПУ | |
| 610 | 1 | |a водо-водяные ядерные реакторы | |
| 610 | 1 | |a стержни | |
| 610 | 1 | |a поглотители | |
| 610 | 1 | |a выгорание | |
| 610 | 1 | |a топливо | |
| 610 | 1 | |a гадолиний | |
| 610 | 1 | |a шлакование | |
| 610 | 1 | |a РИТМ-200 | |
| 700 | 1 | |a Savitsky |b D. E. | |
| 701 | 1 | |a Kuzmin |b A. V. |c specialist in the field of power engineering |c Associate Professor of Tomsk Polytechnic University, Candidate of technical sciences |f 1942- |g Arian Valerievich |3 (RuTPU)RU\TPU\pers\33110 |9 16932 | |
| 712 | 0 | 2 | |a Национальный исследовательский Томский политехнический университет |b Инженерная школа энергетики |b Научно-образовательный центр И. Н. Бутакова (НОЦ И. Н. Бутакова) |3 (RuTPU)RU\TPU\col\23504 |
| 801 | 2 | |a RU |b 63413507 |c 20210301 |g RCR | |
| 856 | 4 | |u http://earchive.tpu.ru/handle/11683/64564 | |
| 856 | 4 | |u https://doi.org/10.1088/1757-899X/1019/1/012057 | |
| 942 | |c CF | ||